000 00578nam a22002057a 4500
003 BD-DhJNU
005 20250209090301.0
008 250209b |||||||| |||| 00| 0 eng d
020 _a9788130915883
040 _aBD-DhJNU
_bENG
_cBD-DhJNU
_dBD-DhJNU
082 _223
_a149.97
100 _aWoods, Tim
245 _aBeginning postmodernism /
_cTim Woods
250 _a2nd ed.
260 _aNew Delhi :
_bViva Books,
_c2010.
300 _axx, 329 p. :
_bill. ;
_c20 cm.
504 _aincludes bibliographical reference and index
650 _aPostmodernism
942 _2ddc
_cBK
_n0
999 _c1278
_d1278